000 00322nam a2200133Ia 4500
005 20251222143108.0
008 251222s9999||||xx |||||||||||||| ||spa||
020 _a84-7490-708-X
082 _a233.1/P28
100 _aPatocka, Jan
245 0 _aEl Movimiento de la Existencia Humana
264 _bEncuentro
942 _cLIB
999 _c11065
_d11065